Los designios del destino : dos opúsculos de Parerga y paralipómena /

Guardado en:
Detalles Bibliográficos
Autor principal: Schopenhauer, Arthur (autor)
Otros autores: Aramayo, Roberto R. (preliminares) (preliminares)
Formato: Libro
Idioma:Español
Publicado: Madrid, España : Tecnos, 2002, c2002
Edición:2a edición
Colección:(Clásicos del Pensamiento ; 102)
Temas:
Etiquetas: Agrega una etiqueta
Sin etiquetas, Sé el primero en etiquetar este registro!

MARC

LEADER 00000nam^a2200000^a^4500
001 000143396
005 20250521000000.0
009 20260310095721.411
020 |a 84-309-2440-X 
037 |a Acervo ITESO - Biblioteca 
041 |a ESP 
082 |a 141.  |b SCH 
100 |a Schopenhauer, Arthur  |e (autor) 
240 1 1 |a [Parerga y paralipómena] 
245 1 4 |a Los designios del destino :  |b dos opúsculos de Parerga y paralipómena /  |c A. Schopenhauer ; prelim., notas y tr. por R.R. Aramayo. 
250 |a 2a edición 
264 4 |a Madrid, España :  |b Tecnos,  |c 2002, c2002 
300 |a 114 p. 
336 |a texto  |b txt  |2 rdacontenido 
337 |a sin mediación  |b n  |2 rdamedio 
338 |a volumen  |b nc  |2 rdasoporte 
440 1 |a (Clásicos del Pensamiento ;  |v 102) 
500 |a Traducción de: Trascendentale Spekulation über die anscheinende; Abschtlichkeit im Schiksale des Einzelnen; Zur Ethik 
649 |a XX 
650 |a Destino y Fatalismo 
650 |a Libre Albedrío 
650 |a Determinismo 
650 |a Dios -  |x Voluntad 
650 |a Voluntad 
650 |a Etica 
650 |a Pesimismo 
650 |a Voluntarismo -  |x Tema Principal 
650 |a Filosofía del Siglo XIX 
650 |a Filosofía Alemana 
700 |a Aramayo, Roberto R.  |e (preliminares) 
910 |a Fondo General 
920 |a Impresos - Libros 
930 |a Colección General 
905 |a 101 
901 |a 0500072050  |b IT1  |c ACC  |u 20250521 
902 |a https://opac.biblio.iteso.mx/vufind/Record/000143396